Statistics for Badly Described Movies and Series

Click here to take the quiz!

General Stats

  • This quiz has been taken 282 times
  • The average score is 3 of 10

Answer Stats

HintAnswer% Correct
will smith lives a posh lifeThe Fresh Prince of Bel-Air
60%
five people live across each otherFriends
54%
murder mystery with james bondKnives Out
49%
kid buys talking carTransformers
48%
new york detective and gay police captainBrooklyn Nine-Nine
40%
seggsy timesSex and the City
22%
loses father in early childhood, and theres singingLion King
21%
Man cannot dieDeadpool
17%
american and russian spy stop tall womanMan From U.N.C.L.E
12%
spy diesNo Time To Die
12%

Score Distribution

Percentile by Number Answered

Percent of People with Each Score

Your Score History

You have not taken this quiz